000 00664nam a2200193Ia 4500
003 GCL
008 140319s9999 xx 000 0 ara d
040 _aGCL /
_cGCL
082 0 4 _a813.01
_bا ت
100 1 _aنبيل عبدالحميد
245 1 0 _aتمثال على اعمدة الهواء: قصص قصيرة /
_cنبيل عبدالحميد
700 1 _aابوبكر عبدالظاهر
260 _a[S.N] :
_bدار العلم للطباعة ،
_c1970
300 _a115 ص
490 _aالهيئة العامة للاستعلامات
_v0
650 0 4 _aالادب العربى
650 0 4 _aالقصص العربية القصيرة
942 _2ddc
_cBK
999 _c53386
_d53386